000 00483nam a22001697a 4500
003 CEME
005 20210628210217.0
008 210201b xxu||||| |||| 00| 0 eng d
040 _c.
082 _a923.25491 BOK
100 _aSajjad Bokhari
_978546
245 _aMashriq key battey behnazir bhutto,an auto biograogy
260 _aISLAMABAD
_bMASAWAT PUBLICATION
_c1995
300 _a620P
650 _aBENAZIR BHUTTO-AUTO BIOGRAPHY.DAUGHTER OF THE EAST
_978547
942 _cBK
_2ddc
999 _c583656
_d583656